00629 a2200157 4500003000500000005001700005020001500022040000900037082001700046100002100063245005300084260003000137300000800167505027500175650002100450Nust20230104110427.0 a0862880114 cNust a641.8654,CHI aHawkins, Kathryn aStep by Step Chinese Cookery /cHawkins Kathryn, aLondonbGreenWich`c1995. a70p aIntroduction (Page-7), Chinese Ingredients (Page-8), Stocks and Soups (Page-10), Starters (Page-18), Fish and Shellfish Dishes (Page-24), Poultry Dishes (Page-32), Meat Dishes (Page-41), Salads (Page-55), Vegetarian Dishes (Page-59), Desserts (Page-66), Index (Page-70). a Chines Cookery